Normal view
MARC view
Entry Personal Name
001 - CONTROL NUMBER
- control field: 51203
003 - CONTROL NUMBER IDENTIFIER
- control field: dpl
005 - DATE AND TIME OF LATEST TRANSACTION
- control field: 20120817122626.0
008 - FIXED-LENGTH DATA ELEMENTS
- fixed length control field: 120817|||a|||||| | ||| d
040 ## - CATALOGING SOURCE
- Original cataloging agency: dpl
- Transcribing agency: dpl
100 ## - HEADING--PERSONAL NAME
- Personal name: Batra, NL
670 ## - SOURCE DATA FOUND
- Source citation: Work cat.: (dpl): Batra, NL, Jama Masjid:, 2005
670 ## - SOURCE DATA FOUND
- Source citation: Work cat.: (dpl): Batra, NL, Jama Masjid:, 2005
